000
00316nam a22001337a 4500
008
170608b xxu||||| |||| 00| 0 eng d
020
_a
9781878379764
041
_a
eng
080
_a
94(7/8)
100
_a
18
101
_a
SHH
245
_a
REVOLUTIONARY MOVEMENTS IN LATIN AMERICA
_c
MCCLINTOCK,C
942
_2
udc
_c
BK
999
_c
16478
_d
16478